Cartoons der 80er und 90er - Teil 2 - Statistiken

Allgemein
  • Dieses Quiz wurde 101 mal gespielt
  • Das Durchschnittsergebnis liegt bei 7 aus 14
Antwortstatistiken
Hint Antwort % Korrekt
Ein Saft bringt die Kraft und lässt sie hüpfen Die Gummibärenbande
96%
Abenteuer auf dem Schulhof mit T.J. und seinen Freunden - Disneys... Große Pause
94%
Ein Dschinni, ein Affe und ein fliegender Teppich helfen ihm bei seinen Abenteuern Aladdin
91%
Die himmlischen Teddybären Die Glücksbärchis
81%
Seine Familie wurde zu Superhelden, nur er blieb völlig normal Norman Normal
49%
Baby Tommy Pickles erlebt mit seinen Baby Freunden Abenteuer Rugrats
49%
Die Schwester von He-Man She-Ra
49%
Er ist ein ausgestorbener Vogel und kommt von der Insel Mauritius Dodo
43%
Er ist noch ein Kind und ein genialer Wissenschaftler, nur aus seiner nervigen Schwester Deedee wird er nicht schlau Dexters Labor
38%
Er ist ein Elvisverschnitt mit Sonnenbrille und ein Möchtegern Macho Johnny Bravo
36%
Familie Funny zieht nach Bluffington Doug
31%
Ein Haufen Waschbären legt sich mit dem bösen Cyril Sneer an Die Raccoons
25%
Buster und Babs Bunny lernen an der Acme Universität von den großen Vorbildern Tiny Toon
20%
Mom und Dad haben eine Kuh und ein Huhn als Kinder Cow & Chicken
15%
Keine übereinstimmenden Quizze gefunden
Verteilung der Resultate
Anzahl Personen mit jedem Resultat
Perzentil nach korrekt beantworteten Fragen
Ihre Resultats-Entwicklung
Sie haben dieses Quiz noch nicht gespielt